000 00651nam a2200241 a 4500
001 53250
003 BD-RjUL
005 20211209075931.0
008 161004s2003 ii 000 0 eng
020 _a8171417132
035 _a(BD-RjUL)53370
035 _a(OCoLC)1488916
040 _aDLC
_cFMU
_dDLC
_beng
041 _aeng
082 _223
_a591.6
_bYAE 2003
100 1 _aYadav, Manju
_d1856-1954.
_9159170
245 1 0 _aEconomic zoology /
_cManju Yadav
260 _aNew delhi :
_bDiscovery Pub.,
_c2003
300 _axv, 348 p. :
_bill. ;
_c19 cm.
650 0 _aEconomic Zoology.
_9159171
942 _2ddc
_cBK
999 _c53250
_d53250